A surprise garden : (Record no. 7173)

MARC details
000 -LEADER
fixed length control field 01122nam a22002897a 4500
001 - CONTROL NUMBER
control field 7173
003 - CONTROL NUMBER IDENTIFIER
control field FISKH
005 - DATE AND TIME OF LATEST TRANSACTION
control field 20250701110400.0
008 - FIXED-LENGTH DATA ELEMENTS--GENERAL INFORMATION
fixed length control field 250701b cb ||||| |||| 00| 0 eng d
020 ## - INTERNATIONAL STANDARD BOOK NUMBER
International Standard Book Number 027506033011
040 ## - CATALOGING SOURCE
Original cataloging agency FISKH
Language of cataloging eng
Transcribing agency FISKH
Modifying agency FISKH
050 ## - LIBRARY OF CONGRESS CALL NUMBER
Classification number PZ7.P2165 S
082 ## - DEWEY DECIMAL CLASSIFICATION NUMBER
Classification number 428.6
100 ## - MAIN ENTRY--PERSONAL NAME
Personal name Parent, Nancy
245 ## - TITLE STATEMENT
Title A surprise garden :
Remainder of title It's fun to learn gardening /
Statement of responsibility, etc. Written by Nancy Parent ; Illustrated by Atelier Philippe Harchy
260 ## - PUBLICATION, DISTRIBUTION, ETC.
Place of publication, distribution, etc. United States :
Name of publisher, distributor, etc. Advance Publishers,
Date of publication, distribution, etc. 2003.
300 ## - PHYSICAL DESCRIPTION
Extent 36 unnumbered pages :
Other physical details color illustrations ;
Dimensions 23 cm
490 ## - SERIES STATEMENT
Series statement Disney Winnie the Pooh
505 ## - FORMATTED CONTENTS NOTE
Formatted contents note J <br/>
520 ## - SUMMARY, ETC.
Summary, etc. What does a seed need to grow into a flower or vegetable? In A Surprise Garden, your child learns some "fun-damentals" of gardening when Rabbit presents each of his friends with surprise seeds to plant.
521 8# - TARGET AUDIENCE NOTE
Target audience note 470<br/>
Source Lexile estimate<br/><br/>
521 8# - TARGET AUDIENCE NOTE
Target audience note J<br/>
Source Raz-Plus<br/>
650 ## - SUBJECT ADDED ENTRY--TOPICAL TERM
Topical term or geographic name entry element Winnie the Pooh
Form subdivision Cartoons & Characters
General subdivision Gardening & Flowers
700 ## - ADDED ENTRY--PERSONAL NAME
Personal name Harchy, Atelier Philippe
Relator term illustrator
942 ## - ADDED ENTRY ELEMENTS (KOHA)
Source of classification or shelving scheme Dewey Decimal Classification
Koha item type Books
Suppress in OPAC No
Holdings
Withdrawn status Lost status Source of classification or shelving scheme Damaged status Not for loan Collection Home library Current library Shelving location Date acquired Total Checkouts Full call number Barcode Date last seen Date last checked out Copy number Price effective from Koha item type
    Dewey Decimal Classification     Juvenile Fiction Footprints International School Library Network Toul Kork Campus Footprints International School Library Network Toul Kork Campus TK Primary Library Room(4th Floor), Bookcase 1&2, Shelves 1-16, Dark Blue Books 07/01/2025 1 PAR 428.6 PZ7.P2165 S FISBK00451 03/05/2026 02/26/2026 1 07/01/2025 Books